MyGZULibrary

Text, cases and materials on contract law / (Record no. 8785)

MARC details
000 -LEADER
fixed length control field 01599cam a2200373 a 4500
001 - CONTROL NUMBER
control field 16537807
003 - CONTROL NUMBER IDENTIFIER
control field GZU
005 - DATE AND TIME OF LATEST TRANSACTION
control field 20210526083413.0
008 - FIXED-LENGTH DATA ELEMENTS--GENERAL INFORMATION
fixed length control field 101115s2011 enk b 001 0 eng
010 ## - LIBRARY OF CONGRESS CONTROL NUMBER
LC control number 2010048555
020 ## - INTERNATIONAL STANDARD BOOK NUMBER
International Standard Book Number 9780415594158 (hbk. : alk. paper)
020 ## - INTERNATIONAL STANDARD BOOK NUMBER
International Standard Book Number 9780415594141 (pbk.)
040 ## - CATALOGING SOURCE
Original cataloging agency DLC
Transcribing agency DLC
Modifying agency DLC
042 ## - AUTHENTICATION CODE
Authentication code pcc
043 ## - GEOGRAPHIC AREA CODE
Geographic area code e-uk-en
-- e-uk-wl
050 00 - LIBRARY OF CONGRESS CALL NUMBER
Classification number KD1554
Item number .S76 2011
082 00 - DEWEY DECIMAL CLASSIFICATION NUMBER
Classification number 346.4202
Edition number 22
100 1# - MAIN ENTRY--PERSONAL NAME
Personal name Stone, Richard,
Dates associated with a name 1951 March 7-
245 10 - TITLE STATEMENT
Title Text, cases and materials on contract law /
Statement of responsibility, etc. Richard Stone and James Devenney, and Ralph Cunnington.
250 ## - EDITION STATEMENT
Edition statement 2nd ed.
260 ## - PUBLICATION, DISTRIBUTION, ETC.
Place of publication, distribution, etc. Milton Park, Abingdon, Oxon ;
-- New York, NY :
Name of publisher, distributor, etc. Routledge,
Date of publication, distribution, etc. 2011.
300 ## - PHYSICAL DESCRIPTION
Extent xl, 690 p. ;
Dimensions 26 cm.
504 ## - BIBLIOGRAPHY, ETC. NOTE
Bibliography, etc. note Includes bibliographical references (p. xi-xii) and index.
505 0# - FORMATTED CONTENTS NOTE
Formatted contents note Introduction -- Forming the agreement -- Consideration and other tests of enforceability -- Intention to create legal relations -- Privity -- Contents of the contract -- Clauses excluding or limiting liability -- Misrepresentation -- Mistake -- Duress -- Undue influence -- Frustration -- Discharge by performance or breach -- Remedies.
650 #0 - SUBJECT ADDED ENTRY--TOPICAL TERM
Topical term or geographic name entry element Contracts
Geographic subdivision England.
650 #0 - SUBJECT ADDED ENTRY--TOPICAL TERM
Topical term or geographic name entry element Contracts
Geographic subdivision Wales.
650 #0 - SUBJECT ADDED ENTRY--TOPICAL TERM
Topical term or geographic name entry element Contracts
Geographic subdivision England
Form subdivision Cases.
650 #0 - SUBJECT ADDED ENTRY--TOPICAL TERM
Topical term or geographic name entry element Contracts
Geographic subdivision Wales
Form subdivision Cases.
700 1# - ADDED ENTRY--PERSONAL NAME
Personal name Devenney, James.
700 1# - ADDED ENTRY--PERSONAL NAME
Personal name Cunnington, Ralph.
906 ## - LOCAL DATA ELEMENT F, LDF (RLIN)
a 7
b cbc
c orignew
d 1
e ecip
f 20
g y-gencatlg
942 ## - ADDED ENTRY ELEMENTS (KOHA)
Source of classification or shelving scheme Library of Congress Classification
Koha item type Books
Edition 2nd
Classification part 1554
Item part STO
Call number prefix KD
Call number suffix 2011
Holdings
Withdrawn status Lost status Damaged status Not for loan Collection code Home library Current library Shelving location Date acquired Total Checkouts Full call number Barcode Date last seen Date last checked out Copy number Price effective from Koha item type Inventory number
        Non-fiction Law Library Law Library General Stacks 05/26/2021 1 KD1554 STO 2011 005026 10/04/2023 09/27/2023 c.1 05/26/2021 Books  
        Non-fiction Law Library Law Library General Stacks 05/26/2021 1 KF801 STO 2007 005038 11/20/2023 11/13/2023 c.2 05/26/2021 Books 005038